|
|
|
|
| LEADER |
00000nab#a22000007a#4500 |
| 001 |
arbauad028361 |
| 003 |
AR-BaUAD |
| 005 |
20250711112318.0 |
| 008 |
970901|||||||||###||||||b###|0###a|spa|| |
| 040 |
|
|
|a AR-BaUAD
|c AR-BaUAD
|b spa
|
| 100 |
|
|
|a McMillan, Sam
|
| 245 |
|
|
|a Taking stock :
|b stock photography meets the world wide web /
|c Sam McMillan;
|
| 300 |
0 |
|
|b fot.
|
| 500 |
|
|
|a Artículo sobre los bancos de imágenes que se pueden encontrar en internet.
|
| 653 |
|
|
|a FOTOGRAFIA
|
| 653 |
|
|
|a FOTOGRAFIAS
|
| 653 |
|
|
|a DISEÑO GRAFICO
|
| 653 |
|
|
|a INTERNET
|
| 653 |
|
|
|a WEB
|
| 653 |
|
|
|a PAGINAS WEB
|
| 653 |
|
|
|a ARCHIVOS
|
| 653 |
|
|
|a BANCOS DE IMAGENES
|
| 773 |
0 |
|
|t COMMUNICATION ARTS
|g no. 274 [ago. 1997], p. 169-173
|
| 942 |
|
|
|c ARTI
|
| 952 |
|
|
|0 0
|1 0
|4 0
|7 0
|9 73280
|a AR-BAuAD
|b AR-BAuAD
|d 2025-07-11
|l 0
|p AAQA028361
|r 2025-07-11 11:23:18
|w 2025-07-11
|y ARTI
|
| 990 |
|
|
|a F199
|b TD
|
| 990 |
|
|
|a DG199
|b TD
|
| 998 |
|
|
|a AAQ
|b BIBUN76
|
| 999 |
|
|
|c 52953
|d 52953
|